000 00877nam a22002057a 4500
999 _c11999
_d11999
003 AR-CdUCM
008 190405b ||||| |||| 00| 0 spa d
040 _aMUNICIPALIDAD PROVINCIAL DEL CUSCO
_cBIBLIOTECA MUNICIPAL DEL CUSCO
082 _a738.0982 /
_bS42A / 1946
100 _aSerrano, Antonio
_929649
245 _aArqueología del arroyo las mulas en el noroeste de entre ríos :
_bCon una ilustración al estudio de la arqueología del litoral /
260 _aArgentina :
_bImprenta de la universidad Córdova,
_c1946
300 _a118 páginas ;
_bFotografías, ilustraciones,
_c23 cm.
505 _aContenido: Introducción al estudio de la arqueología del litoral -- El yacimiento arqueológico del arroyo Las Mulas.
650 _aArqueología
_9371
650 _aArgentina
_9511
650 _aLas mulas
_929650
942 _2ddc
_cLIBROS
945 _adavv
_d05/04/2019